Central Library OPAC University of Rajshahi

Epidemiology for undergraduates/ (Record no. 62847)

MARC details
000 -LEADER
fixed length control field 00632nam a2200229 4500
001 - CONTROL NUMBER
control field 62847
003 - CONTROL NUMBER IDENTIFIER
rucl marc code BD-RjUL
005 - DATE AND TIME OF LATEST TRANSACTION
control field 20211209081129.0
008 - FIXED-LENGTH DATA ELEMENTS--GENERAL INFORMATION
fixed length control field 170126s2007 ii ||||| |||| 00| 0 eng d
020 ## - INTERNATIONAL STANDARD BOOK NUMBER
International Standard Book Number 8180619176
035 ## - SYSTEM CONTROL NUMBER
System control number (BD-RjUL)62975
040 ## - CATALOGING SOURCE
Language of cataloging eng
Transcribing agency BD-RjUL
Original cataloging agency BD-RjUL
041 ## - LANGUAGE CODE
Language code of text/sound track or separate title eng
082 ## - DEWEY DECIMAL CLASSIFICATION NUMBER
Edition number 23
Classification number 614.4
Author mark and year JOE 2007
100 ## - MAIN ENTRY--PERSONAL NAME
Personal name Joseph, Marina Rajan
9 (RLIN) 186835
245 01 - TITLE STATEMENT
Title Epidemiology for undergraduates/
Statement of responsibility, etc. Marina Rajan Joseph
260 ## - PUBLICATION, DISTRIBUTION, ETC. (IMPRINT)
Place of publication, distribution, etc. New Delhi :
Name of publisher, distributor, etc. Jaypee,
Date of publication, distribution, etc. 2007.
300 ## - PHYSICAL DESCRIPTION
Pagination xvi, 224 p. :
Illustrations ill. ;
Size 24 cm.
500 ## - GENERAL NOTE
General note Includes Appendix
650 ## - SUBJECT ADDED ENTRY--TOPICAL TERM
Topical term or geographic name as entry element Epidemiology
9 (RLIN) 186463
942 ## - ADDED ENTRY ELEMENTS (KOHA)
Source of classification or shelving scheme Dewey Decimal Classification
Koha item type Books
Holdings
Lost status Source of classification or shelving scheme Damaged status Not for loan Permanent Location Current Location Shelving location Date acquired Source of acquisition Cost, normal purchase price Total Checkouts Full call number Date last seen Copy number Koha item type
  Dewey Decimal Classification   Not For Loan Institute of Biological Sciences (IBSc) Library Institute of Biological Sciences (IBSc) Library Institute Library 06/01/2017 Paragon 450.00   614.4 JOE 2007 26/01/2017 C-1 Books